The Indian Musalmans / (Record no. 26897)
[ view plain ]
| 000 -LEADER | |
|---|---|
| fixed length control field | 00940nam a2200289 a 4500 |
| 001 - CONTROL NUMBER | |
| control field | 26897 |
| 003 - CONTROL NUMBER IDENTIFIER | |
| rucl marc code | BD-RjUL |
| 005 - DATE AND TIME OF LATEST TRANSACTION | |
| control field | 20211209051101.0 |
| 008 - FIXED-LENGTH DATA ELEMENTS--GENERAL INFORMATION | |
| fixed length control field | 181015r19451876ii 000 0 eng d |
| 035 ## - SYSTEM CONTROL NUMBER | |
| System control number | (BD-RjUL)26968 |
| 040 ## - CATALOGING SOURCE | |
| Original cataloging agency | DLC |
| Transcribing agency | DLC |
| Modifying agency | EQO |
| -- | BD-RjUL |
| Language of cataloging | eng |
| 041 ## - LANGUAGE CODE | |
| Language code of text/sound track or separate title | eng |
| 043 ## - GEOGRAPHIC AREA CODE | |
| Geographic area code | a-ii--- |
| 082 ## - DEWEY DECIMAL CLASSIFICATION NUMBER | |
| Edition number | 23 |
| Classification number | 954.0088297 |
| Author mark and year | HUI 1945 |
| 100 1# - MAIN ENTRY--PERSONAL NAME | |
| Personal name | Hunter, William Wilson, |
| Dates associated with a name | 1840-1900. |
| 9 (RLIN) | 223799 |
| 245 14 - TITLE STATEMENT | |
| Title | The Indian Musalmans / |
| Statement of responsibility, etc. | by W. W. Hunter |
| 250 ## - EDITION STATEMENT | |
| Edition statement | 3rd ed. |
| Edition statement | Indian Reprint ed. |
| 260 ## - PUBLICATION, DISTRIBUTION, ETC. (IMPRINT) | |
| Place of publication, distribution, etc. | Calcutta : |
| Name of publisher, distributor, etc. | The Comrade Publishers, |
| Date of publication, distribution, etc. | 1876 [Reprinted 1945] |
| 300 ## - PHYSICAL DESCRIPTION | |
| Pagination | 208 p. ; |
| Size | 22 cm |
| 500 ## - GENERAL NOTE | |
| General note | "Reprinted from the Third Edition" "3rd ed. published in 1876" |
| 650 #0 - SUBJECT ADDED ENTRY--TOPICAL TERM | |
| Topical term or geographic name as entry element | Muslims |
| Geographic subdivision | India. |
| 9 (RLIN) | 223800 |
| Topical term or geographic name as entry element | British Occupation of India (1765-1947) |
| 9 (RLIN) | 223801 |
| Topical term or geographic name as entry element | Muslims |
| General subdivision | Political activity |
| 9 (RLIN) | 223802 |
| 651 ## - SUBJECT ADDED ENTRY--GEOGRAPHIC NAME | |
| Geographic name | India |
| General subdivision | Politics and government |
| 9 (RLIN) | 223803 |
| 942 ## - ADDED ENTRY ELEMENTS (KOHA) | |
| Source of classification or shelving scheme | Dewey Decimal Classification |
| Koha item type | Rare Books |
| Lost status | Source of classification or shelving scheme | Damaged status | Not for loan | Collection code | Permanent Location | Current Location | Shelving location | Date acquired | Total Checkouts | Full call number | Date last seen | Copy number | Koha item type |
|---|---|---|---|---|---|---|---|---|---|---|---|---|---|
| Dewey Decimal Classification | Not For Loan | Rare Books | Central Library, University of Rajshahi | Central Library, University of Rajshahi | Rare Book Section | 15/10/2018 | RA 954.0088297 HUI 1945 | 15/10/2018 | C-1 | Rare Books |